Statistics for Guess the song's lyrics #2

Click here to take the quiz!

General Stats

  • This quiz has been taken 164 times
  • The average score is 78 of 175

Answer Stats

% Correct
a
95%
you,
94%
you
94%
The
89%
the
89%
He
84%
he
84%
me?
82%
me
82%
we
74%
to
72%
in
71%
can
70%
Can
70%
it
69%
your
69%
And
67%
and
67%
No
67%
on
64%
see
60%
there
58%
for
57%
what
52%
I'm
51%
you're
51%
don't
50%
Don't
50%
not
49%
at
47%
As
46%
by
46%
all
42%
feel
41%
With
41%
with
41%
could
39%
how
39%
But
38%
his
37%
was
37%
them
36%
too
35%
Hey
34%
would
34%
Would
34%
out
32%
tell
30%
give
27%
help
26%
heart,
24%
touch
24%
only
21%
cold
20%
doing
19%
light
19%
without
19%
there's
18%
call
16%
free
16%
into
15%
wall
15%
Always
14%
break
14%
old
14%
someone
14%
told
14%
Together
13%
home
12%
lonely,
12%
matter
12%
stand,
12%
carry
11%
fight
11%
high
11%
road
11%
fall
10%
getting
10%
Getting
10%
own
10%
hope
9%
Open
9%
coming
8%
ear
8%
sitting
8%
phone
7%
tried
7%
divided
6%
naked
6%
waiting
6%
brain
5%
bury
5%
fantasy
5%
standing
5%
against
4%
ate
4%
hall
4%
smiles
4%
stone?
4%
worms
4%
beyond
2%
Breaking
2%
fading
2%
feet
2%
aisles
1%
bottles
1%
itchy
1%

Score Distribution

Percentile by Number Answered

Percent of People with Each Score

Your Score History

You have not taken this quiz